Broadway Shows with Mens Names Quiz Stats

 Plays Quiz not verified by Sporcle

Support Sporcle.
Go Orange.
Score 0/16 Timer 05:00
0 Plays Today
Clue Show Title % Correct
_____ ______ (5, 6) Musical (B)Billy Elliot
64.9%
______ ___ ___ _______ ___________ _________ (6, 3, 3, 7, 11, 9) Musical (J)Joseph and the Amazing Technicolor Dreamcoat
40.3%
___'__ _ ____ ___, _______ _____ (5, 1, 4, 3, 7, 5) Musical (C)You're a Good Man, Charlie Brown
35.1%
_______ ____ (7, 4) Play, Musical (T)Sweeney Todd
29.9%
____ & _____ (4, 5) Musical (M)Mack & Mabel
29.1%
___ ____ (3, 4) Musical (J)Pal Joey
23.1%
___ ___'_ _____ (3, 4, 5) Musical (T)The Who's Tommy
20.1%
______ _______' ________ (6, 7, 8) Musical (J)Jerome Robbins' Broadway
17.9%
Clue Show Title % Correct
____ ______ _______ (4, 6, 7) Musical (W)Will Rogers Follies
17.9%
______ (6) Play (H)Harvey
16.4%
_____ _____'_ ___ ____ (5, 6, 3, 4) Musical (J)James Joyce's The Dead
8.2%
_____'_ _____ (6, 5) Musical (J)Jerry's Girls
6%
____ _____ (4, 5) Musical (D)King David
5.2%
___ ______'_ ____ ___ ____ (3, 7, 4, 3, 4) Play (J)Joe Turner's Come and Gone
4.5%
______ _____: ____ _______ __ (6, 5, 4, 7, 2) Musical (M)Martin Short: Fame Becomes Me
4.5%
____ ______ __ (4, 6, 2) Play (H)King Hedley II
1.5%

You're not logged in!

Compare scores with friends on all Sporcle quizzes.
OR
Log In

From the Vault

1 - 60 in 30 Seconds

by manonthemoon

You might want to have a backup keyboard ready.
Remove Ads.
Support Sporcle.
Get the best of Sporcle when you Go Orange. This ad-free experience offers more features, more stats, and more fun while also helping to support Sporcle. Thank you for becoming a member.

Show Comments

Extras

Top Quizzes Today


Score Distribution

Your Account Isn't Verified!

In order to create a playlist on Sporcle, you need to verify the email address you used during registration. Go to your Sporcle Settings to finish the process.

Report this User

Report this user for behavior that violates our Community Guidelines.

Details: